Catálogo público

Jamones de Serón Cortijo de Canata, S.L / (Record no. 220773)

MARC details
000 -CABECERA
campo de control de longitud fija 01734nam a2200325 a 4500
003 - IDENTIFICADOR DEL NÚMERO DE CONTROL
campo de control Mxchpua
005 - FECHA Y HORA DE LA ÚLTIMA TRANSACCIÓN
campo de control 20250806092235.0
007 - CAMPO FIJO DE DESCRIPCIÓN FÍSICA--INFORMACIÓN GENERAL
campo de control de longitud fija ta
008 - DATOS DE LONGITUD FIJA--INFORMACIÓN GENERAL
campo de control de longitud fija 250731s2024 mx bdeofs|||| 001 0 spa d
040 ## - FUENTE DE LA CATALOGACIÓN
Centro catalogador/agencia de origen mxchpua
090 ## - LOCALMENTE ASIGNADO TIPO-LC NÚMERO DE CLASIFICACIÓN (OCLC); NÚMERO DE CLASIFICACIÓN LOCAL (RLIN)
Número de clasificación (OCLC) (R) ; Numero de clasificación, CALL (RLIN) (NR) T.C.991
Número cutter local (OCLC) ; Número de libro/Signatura topográfica íntegra, CALL (RLIN) L36 EIUPA
Año 2024
245 1# - MENCIÓN DE TÍTULO
Título Jamones de Serón Cortijo de Canata, S.L /
Mención de responsabilidad, etc. coordinadores Patricia Landa Salgado y Bernabé Laureano López ; colaboradores Tzel Alit Altamirano Molina...[y otros]
260 ## - PUBLICACIÓN, DISTRIBUCIÓN, ETC.
Lugar de publicación, distribución, etc. Chapingo, México :
Nombre del editor, distribuidor, etc. El autor,
Fecha de publicación, distribución, etc. 2024
300 ## - DESCRIPCIÓN FÍSICA
Extensión 1 recurso en línea (127 páginas) :
Otras características físicas ilustraciones, tablas, gráficas, mapas, planos, fotografías
336 ## - TIPO DE CONTENIDO
Fuente rdacontent
Término de tipo de contenido Texto
Código de tipo de contenido txt
337 ## - TIPO DE MEDIO
Fuente rdamedia
Nombre/término del tipo de medio computadora
Código del tipo de medio c
338 ## - TIPO DE SOPORTE
Fuente rdacarrier
Nombre/término del tipo de soporte recurso en línea
Código del tipo de soporte cr
500 ## - NOTA GENERAL
Nota general Grado: 7° año <br/>Grupo: 04<br/>Planos incluidos en el reporte
502 ## - NOTA DE TESIS
Nota de tesis Viaje de Estudios
Tipo de título (EIUPA) --
Nombre de la institución que otorga el título UACh. Departamento de Ingeniería Agroindustrial,
Año de obtención del título 2024
504 ## - NOTA DE BIBLIOGRAFÍA, ETC.
Nota de bibliografía, etc. Bibliografía: páginas 85-94
505 0# - NOTA DE CONTENIDO CON FORMATO
Nota de contenido con formato 4 planos : --<br/>1. Plano de distribución de áreas Planta baja (Esc. 1:125) --<br/>2. Plano de distribución de áreas Primera planta (Esc. 1:125) --<br/>3. Plano de distribución de equipos (Esc. 1:125) --<br/>4. Diagrama de recorrido (Esc. 1:125)
650 13 - PUNTO DE ACCESO ADICIONAL DE MATERIA--TÉRMINO DE MATERIA
Término de materia o nombre geográfico como elemento de entrada Jamón
9 (RLIN) 61036
Subdivisión general Industria y comercio
Subdivisión geográfica España
650 13 - PUNTO DE ACCESO ADICIONAL DE MATERIA--TÉRMINO DE MATERIA
Término de materia o nombre geográfico como elemento de entrada Industria del ganado y de la carne
Subdivisión geográfica España
9 (RLIN) 139922
650 13 - PUNTO DE ACCESO ADICIONAL DE MATERIA--TÉRMINO DE MATERIA
Término de materia o nombre geográfico como elemento de entrada Ham
9 (RLIN) 158999
Subdivisión general Industry and trade
Subdivisión geográfica España
650 13 - PUNTO DE ACCESO ADICIONAL DE MATERIA--TÉRMINO DE MATERIA
Término de materia o nombre geográfico como elemento de entrada Livestock and meat industry
9 (RLIN) 147938
Subdivisión geográfica Spain
700 1# - PUNTO DE ACCESO ADICIONAL--NOMBRE DE PERSONA
Nombre de persona Landa Salgado, Patricia
9 (RLIN) 148104
Término indicativo de función/relación coordinadora
700 1# - PUNTO DE ACCESO ADICIONAL--NOMBRE DE PERSONA
Nombre de persona Laureano López, Bernabé
9 (RLIN) 65112
Término indicativo de función/relación coordinador
700 1# - PUNTO DE ACCESO ADICIONAL--NOMBRE DE PERSONA
Nombre de persona Altamirano Molina, Tzel Alit
9 (RLIN) 189881
Término indicativo de función/relación colaborador
856 41 - LOCALIZACIÓN Y ACCESO ELECTRÓNICOS
Texto de enlace DESCARGAR REPORTE
Identificador Uniforme del Recurso <a href="http://10.13.5.2/ve/TC991_EIUPA/TC991_EIUPA_2025-REPORTE.pdf">http://10.13.5.2/ve/TC991_EIUPA/TC991_EIUPA_2025-REPORTE.pdf</a>
Holdings
Estado de retiro Estado de pérdida Fuente del sistema de clasificación o colocación Estado dañado No para préstamo Código de colección Localización permanente Ubicación/localización actual Ubicación en estantería Fecha de adquisición Fuente de adquisición Total de préstamos Signatura topográfica completa Código de barras Fecha visto por última vez Precio válido a partir de Tipo de ítem Koha
    Clasificación Universidad Autónoma de Chapingo     Viajes de estudio - En línea Ingenieria Agroindustrial Ingenieria Agroindustrial En línea 31/07/2025 El autor   T.C.991 L36 EIUPA 2024 1206015659 31/07/2025 31/07/2025 Viajes de Estudio - En línea